Quiz sur Vincennes - Statistiques

Statistiques générales
  • Ce quiz a été pris 9 fois
  • Le résultat moyen est 9 sur 20
Statistiques - réponses
Hint Réponse % Correct
Arrondissement abritant ce dernier 12 ème
100%
Nombre de quartiers composant la ville 7
100%
Premier espace vert de la capitale Bois de Vincennes
100%
Numéro de la ligne de métro desservant la ville Ligne 1
100%
Département Val de Marne (94)
100%
Célèbre forteresse faisant la renommée de la ville Château de Vincennes
89%
Nom des habitants Vincennois
89%
Célèbre terrain de sport hippique, situé également dans le bois Hippodrome de Vincennes
78%
Il s'agit de la deuxième ville la plus densément peuplée de France. Quelle est la première ? (Située dans les Hauts de Seine) Levallois-Perret
56%
Parc urbain et jardin botanique situé dans le bois Parc Floral
56%
Célèbre basketteur français, ayant réalisé une partie de sa formation à l'INSEP de Vincennes Tony Parker
56%
Festival de littérature américaine se tenant dans la ville, tous les 2 ans Festival America
11%
Label obtenu par la ville en 2012, en lien notamment à l'importance historique de celle-ci Ville d'Art et d'Histoire
11%
Célèbre cinéaste ayant installé ses premiers studios de cinéma dans la ville Charles Pathé
0%
Etablissement Public Territorial de la ville depuis la loi Notre (2015) EPT Paris Est Marne et Bois
0%
Pays abritant une ville homonyme...qui est jumelée avec ! Etats Unis (Indiana)
0%
Avec l'arboretum de l'école du Breuil, le parc de Bagatelle et le jardin des serres d'Auteuil, ils forment le....... ? Jardin Botanique de la ville de Paris
0%
Nom de l'opération d'aménagement amorcée en 2011 afin d'embellir le cadre de vie de 3 de ces quartiers Projet de Ville
0%
Ancien nom de celui-ci Vieux Fort de Vincennes
0%
Association de propriétaires et d'amateurs de véhicules anciens, organisant tous les premiers dimanche du mois le plus grands regroupement d'amateurs de voitures anciennes de France, sur l'esplanade Saint Louis Vincennes en Anciennes
0%
Aucun quiz correspondant
Distribution des résultats
% des personnes avec chaque résultat
Percentile par nombre de réponses
Votre historique - résultats
Vous n’avez pas pris ce quiz